000 02164nam a2200397 c 4500
003 BLK
005 20250528133435.0
008 180409b bul|||||r ||||||| ||bul||
010 _aKNG00106351000
020 _a954-9931-55-2
_bиздат.: Лодос
040 _aBLK
041 _aBUL
_cBUL
080 _aРадиоактивност и радиоактивно разпадане - Радиоактивни изотопи и техните характерни свойства, схеми на разпадане, алфа-, бета- и гама-радиоактивност и алфа-, бета- и гама-разпадане
_b539.16
_x(075.8)
_z539.16(075.8)
080 _aФизически фактори на околната среда - Вятър, атмосферно налягане, шум, радиация, студ, електричество(и атмосферно), светлина(слънчева, ултравиолетова, инфрачервена), тъмнина, магнетизъм. Вж
_b613.16
_x(075.8)
_z613.16(075.8)
100 1 _aПопиц, Роберт Курт
_eпърви автор
_9369908
700 1 _aПенчев, Владимир Дечев
_eсъавт.
_9288880
139 _aПопиц, Роберт Курт и др.
_bП 74
245 1 0 _aЖивот с радиация
_bДози, риск, защита
_cРоберт Курт Попиц; съавт. Владимир Дечев Пенчев.
250 _a2. прераб. и доп. изд.
257 _aBGR
260 София
_bЛодос
_c2003
_fСофия : Симолини 94
300 _a192 с.
_bс ил.
_c24 см
380 _a5
490 1 _aЦивилизация и рискове
650 4 _aРадиация - защита
_9242010
650 4 _aЧовек - връзка с околната среда
_9251293
653 _aрадиация
653 _aдозиметрия
653 _aзащита
852 _aЦб 214975
856 4 _qpdf
_u
856 4 _qpdf
_u
942 _cKNG
_n0
_04
944 _aCR
_c01.01.2003
_k30576
_lЦветомила Тодорова
944 _aED
_c10.01.2013
_k
999 _c101308
_d101308